000
00201 a2200109 4500
020
_a
9781499402674
041
_a
spa
100
_a
Gibbs, Maddie
245
_a
Los caballos
942
_c
BK
952
_7
1
999
_c
25383
_d
25383